000 00307nam a22001337a 4500
008 170404b xxu||||| |||| 00| 0 eng d
020 _a9780072909326
041 _aeng
080 _26 ED
_a574
100 _a9
101 _aSHM
245 _aENVIRONMENT SCIENCE AGLOBAL CONCERN
_cSAIGO.C
942 _2udc
_cBK
999 _c9631
_d9631